00377nam a2200145Ia 4500008004100000020001500041041001200056082001100068100002000079245005700099260003700156300000800193650001400201700001600215221030s9999 xx 000 0 und d a8122774247 aEnglish a105.23 aP. S. Deshpande 0aC & Data Structurescby P. S. Deshpande, O. G. Kakde bDreamtech PressaNew Delhic2007 a700 aComputers aO. G. Kakde